Ďalšie vzdelávanie dospelých na Slovensku (roky 1997 až 1999)

Európsky prístup k celoživotnému vzdelávaniu. Slovensko a ďalšie vzdelávanie dospelých. Analýza ďalšieho vzdelávania dospelých na Slovensku.

Na minha lista:
Detalhes bibliográficos
Autor principal: Brixová, Janette
Formato: Capítulo de Livro
Idioma:eslovaco
Assuntos:
Tags: Adicionar Tag
Sem tags, seja o primeiro a adicionar uma tag!

MARC

LEADER 00000naa a2200000 4500
001 r040057
005 20240502071335.5
041 0 |a slo 
044 |a SK 
245 1 0 |a Ďalšie vzdelávanie dospelých na Slovensku (roky 1997 až 1999)  |c Janette Brixová 
520 |a Európsky prístup k celoživotnému vzdelávaniu. Slovensko a ďalšie vzdelávanie dospelých. Analýza ďalšieho vzdelávania dospelých na Slovensku. 
610 2 0 |a vzdelávanie ďalšie 
610 2 0 |a dospelí 
610 2 0 |a vzdelávanie 
610 2 0 |a Slovensko 
610 2 0 |a analýzy 
610 2 0 |a ukazovatele štatistické 
100 1 |a Brixová, Janette